| 000 -LEADER |
| fixed length control field |
02329cam a2200265 a 4500 |
| 003 - CONTROL NUMBER IDENTIFIER |
| control field |
OSt |
| 005 - DATE AND TIME OF LATEST TRANSACTION |
| control field |
20200317103742.0 |
| 008 - FIXED-LENGTH DATA ELEMENTS--GENERAL INFORMATION |
| fixed length control field |
070719s2008 ctuae b 001 0 eng |
| 020 ## - INTERNATIONAL STANDARD BOOK NUMBER |
| International Standard Book Number |
9780300120653 |
| 082 00 - DEWEY DECIMAL CLASSIFICATION NUMBER |
| Classification number |
720.92 |
| Edition number |
22 |
| Item number |
MUM |
| 245 00 - TITLE STATEMENT |
| Title |
Josep Lluís Sert : |
| Remainder of title |
the architect of urban design, 1953-1969 / |
| Statement of responsibility, etc |
edited by Eric Mumford and Hashim Sarkis ; with Neyran Turan. |
| 260 ## - PUBLICATION, DISTRIBUTION, ETC. (IMPRINT) |
| Place of publication, distribution, etc |
New Haven : |
| Name of publisher, distributor, etc |
Yale University Press ; |
| Place of publication, distribution, etc |
Cambridge : |
| Name of publisher, distributor, etc |
Harvard University Graduate School of Design, |
| Date of publication, distribution, etc |
c2008. |
| 300 ## - PHYSICAL DESCRIPTION |
| Extent |
viii, 247 p. : |
| Other physical details |
ill. (some col.), plans (some col.) ; |
| Dimensions |
26 cm. |
| 504 ## - BIBLIOGRAPHY, ETC. NOTE |
| Bibliography, etc |
Includes bibliographical references and index. |
| 505 0# - FORMATTED CONTENTS NOTE |
| Formatted contents note |
Introduction / Hashim Sarkis -- The CIAM legacy -- Sert, CIAM, and the GSD: a memoir / Eduard F. Sekler -- The aesthetic dimension in Le Corbusier's urban planning / Francesco Passanti -- Creating a public for modern architecture: Sert's use of images from GATCPAC to The heart of the city / Jordana Mendelson -- The Latin American planning experience -- Planos, planes y planificación: Josep Lluís Sert and the idea of planning / Timothy Hyde -- Josep Lluís Sert's evolving concept of the urban core: between Corbusian form and Mumfordian social practice / Mardges Bacon -- The parameters of urban design -- Breaking common ground: Joseph Hudnut and the prehistory of urban design / Jill Pearlman -- Josep Lluís Sert's urban design legacy / Richard Marshall -- From the heart of the city to Holyoke Center: CIAM ideas in Sert's definition of urban design / Eric Mumford -- From the ground up: Hideo Sasaki's contributions to urban design / Cammie McAtee -- A conversation with Josep Lluís Sert / Robert Campbell -- Commentary on selected projects by Sert: curated by Inés Zalduendo and Mary Daniels / Huson Jackson. |
| 600 10 - SUBJECT ADDED ENTRY--PERSONAL NAME |
| Personal name |
Sert, José Luis, |
| Dates associated with a name |
1902-1983 |
| General subdivision |
Criticism and interpretation. |
| 650 #0 - SUBJECT ADDED ENTRY--TOPICAL TERM |
| Topical term or geographic name as entry element |
City planning |
| General subdivision |
History |
| Chronological subdivision |
20th century. |
| 700 1# - ADDED ENTRY--PERSONAL NAME |
| Personal name |
Mumford, Eric Paul, |
| Dates associated with a name |
1958- |
| 700 1# - ADDED ENTRY--PERSONAL NAME |
| Personal name |
Sarkis, Hashim. |
| 700 1# - ADDED ENTRY--PERSONAL NAME |
| Personal name |
Turan, Neyran. |
| 856 41 - ELECTRONIC LOCATION AND ACCESS |
| Materials specified |
Table of contents only |
| Uniform Resource Identifier |
<a href="http://www.loc.gov/catdir/toc/ecip0723/2007029959.html">http://www.loc.gov/catdir/toc/ecip0723/2007029959.html</a> |
| 856 42 - ELECTRONIC LOCATION AND ACCESS |
| Materials specified |
Contributor biographical information |
| Uniform Resource Identifier |
<a href="http://www.loc.gov/catdir/enhancements/fy0835/2007029959-b.html">http://www.loc.gov/catdir/enhancements/fy0835/2007029959-b.html</a> |
| 856 42 - ELECTRONIC LOCATION AND ACCESS |
| Materials specified |
Publisher description |
| Uniform Resource Identifier |
<a href="http://www.loc.gov/catdir/enhancements/fy0835/2007029959-d.html">http://www.loc.gov/catdir/enhancements/fy0835/2007029959-d.html</a> |
| 942 ## - ADDED ENTRY ELEMENTS (KOHA) |
| Source of classification or shelving scheme |
|